Taxonomy of behaviour disturbance (Record no. 1374644)

MARC details
000 -LEADER
fixed length control field 00635nam a2200217Ia 4500
005 - DATE AND TIME OF LATEST TRANSACTION
control field 20250508162138.0
008 - FIXED-LENGTH DATA ELEMENTS--GENERAL INFORMATION
fixed length control field 008 250505s9999 xx 000 0 eng d
020 ## - INTERNATIONAL STANDARD BOOK NUMBER
International Standard Book Number 0-340-188561-1
037 ## - SOURCE OF ACQUISITION
Stock number Textual
040 ## - CATALOGING SOURCE
Original cataloging agency FEDL
Language of cataloging eng
Transcribing agency FEDL
041 ## - LANGUAGE CODE
Language code of text/sound track or separate title eng
Source of code eng
084 ## - COLON CLASSIFICATION NUMBER
Classification number 157.9, STO
Assigning agency FEDL
100 ## - MAIN ENTRY--PERSONAL NAME
Personal name Stott D.H.
9 (RLIN) 697402
245 #0 - TITLE STATEMENT
Title Taxonomy of behaviour disturbance
260 ## - PUBLICATION, DISTRIBUTION, ETC.
Place of publication, distribution, etc. London, UK
Name of publisher, distributor, etc. University of London Press Limited
Date of publication, distribution, etc. 1975
300 ## - PHYSICAL DESCRIPTION
Extent viii,184p
650 ## - SUBJECT ADDED ENTRY--TOPICAL TERM
Topical term or geographic name entry element Abnormal psychology
700 ## - ADDED ENTRY--PERSONAL NAME
Personal name Marston N. C. Neill Sara J.
9 (RLIN) 772424
942 ## - ADDED ENTRY ELEMENTS (KOHA)
Koha item type Textual
Classification part 157.9, STO
Holdings
Withdrawn status Lost status Damaged status Not for loan Home library Current library Date acquired Total Checkouts Full call number Barcode Date last seen Price effective from Koha item type
        Department of Education Library Department of Education Library 2025-05-08   157.9, STO EL0064736 2025-05-08 2025-05-08 Textual
Copyright @ Delhi University Library System